| 000 | 00639nam a2200181 4500 | ||
|---|---|---|---|
| 001 | 113107 | ||
| 003 | ES-MaACL | ||
| 005 | 20250610161239.0 | ||
| 007 | t| | ||
| 008 | 061121s1956 sp r ||||1| spa d | ||
| 100 | 1 |
_aNúñez y Domínguez, Roberto. _986231 |
|
| 245 | 1 | 0 |
_aDescorriendo el telón _b: cuarenta años de teatro en México / _cRoberto Núñez y Domínguez (`Roberto el Diablo`) ; prólogo de Tomás Borrás. |
| 260 |
_aMadrid : _b[s. n.], _c1956 ( _fGráf. Ed. Rollán) |
||
| 300 |
_a616 p. ; _c20 cm. |
||
| 700 | 1 |
_aBorrás, Tomás, _d1891-1976 _930556 |
|
| 852 |
_aES-MaACL _jC-11815 _bR.39402 |
||
| 999 |
_c113107 _d113107 |
||